000 005390000a22001930004500
001 003548
003 MACL
005 20150929104409.0
008 150929b xxu||||| |||| 00| 0 eng d
040 _aMACL
_cMACL
041 _aEnglish
082 _a891.2/BHA
100 _aBhattachayya, Debjani
_912526
245 _aSeasons In Classical Sanskrit Litrrature
_bFrom the Vedas to Kalidasa
_cDebjani Bhattachayya
260 _aKolkata
_c2006
_bProgressive Publishers,
350 _a80
650 _aLiterature
_912527
942 _k891
_cBK
_2ddc
999 _c15448
_d15448